Internet Made Easy for the over 50s

Annotation

Saved in:
Bibliografiske detaljer
Institution som forfatter: Which?? (Author)
Format: Electronisk eBog
Sprog:engelsk
Udgivet: London : Worthing : Which? Books Littlehampton Book Services, Limited [Distributor] March 2010
Fag:
Online adgang:Full text available from Computer Science Database
Full text available from Research Library
Full text available from Canadian Business & Current Affairs Database
Full text available from Advanced Technologies & Aerospace Database
Tags: Tilføj Tag
Ingen Tags, Vær først til at tagge denne postø!

MARC

LEADER 00000cam a22000002 b4500
001 ssj0001897022
003 WaSeSS
005 20240517042148.0
006 m d
007 cr n
008 091228e20100311xxka s|||||||| 2|eng|d
020 |a 9781844900756 
020 |a 1844900754 (Book, Other)  |c GBP 10.99 Retail Price (Littlehampton Book Services, Limited)  |9 Out of Print 
035 |a (WaSeSS)ssj0001897022 
037 |b 00153520 
040 |a BIP UK  |d WaSeSS 
050 0 |a TK5105.875.I57 
082 0 0 |a 004.6780846  |2 22 
110 2 |a Which??  |e Author 
245 1 0 |a Internet Made Easy for the over 50s  |h [electronic resource] 
260 |a London :   |b Which? Books  |c March 2010  |a Worthing :   |b Littlehampton Book Services, Limited [Distributor] 
506 |a License restrictions may limit access. 
520 8 |a Annotation  |b 'Internet Made Easy For The Over 50s' is a guide for those who want to understand not only the basics of the Internet but also want to discover how to make better use of the information they can find there. 
655 0 |a Electronic books. 
690 |a Internet Searching 
692 |a Computers  |x Internet  |x General 
856 4 0 |z Full text available from Computer Science Database  |u https://wwwproquest.unach.elogim.com/intermediateredirectforezproxy 
856 4 0 |z Full text available from Research Library  |u https://wwwproquest.unach.elogim.com/intermediateredirectforezproxy 
856 4 0 |z Full text available from Canadian Business & Current Affairs Database  |u https://wwwproquest.unach.elogim.com/intermediateredirectforezproxy 
856 4 0 |z Full text available from Advanced Technologies & Aerospace Database  |u https://wwwproquest.unach.elogim.com/intermediateredirectforezproxy 
955 |a Books In Print, (c) 2016 R.R. Bowker LLC